Rodzaje chmur (nazwy łacińskie, wersja z opisem) - Statystyki

Ogólne statystyki
  • Ten quiz został rozwiązany 59 razy
  • Średni wynik to 8 z 10
Statystyki odpowiedzi
Piętra chmur Charakterystyka Chmura % Poprawnych
wysokie pojedyncze, delikatne, włókniste, zbudowane z kryształów lodu, nie przysłaniają Słońca, nie dają opadów, ale zapowiadają zmianę pogody Cirrus
98%
wysokie zapowiadają zdecydowane pogorszenie się pogody, powodują efekt "halo" wokół Księżyca i Słońca Cirrostratus
80%
pionowe chmury dające burzę, gwałtowne opady deszczu i gradu, wysoko rozbudowane, o ciemnej barwie Cumulonimbus
78%
pionowe chmury typowe dla lata, o wyraźnych zarysach kłębów, najczęściej białe z ciemną podstawą, sygnalizującą ładną pogodę Cumulus
78%
średnie szare warstwy chmur pokrywają prawie całkowicie niebo, dają przelotne opady deszczu lub śniegu Altostratus
76%
wysokie "baranki", nie dają opadów atmosferycznych, zapowiadają zmianę pogody Cirrocumulus
76%
niskie szare, grube warstwy chmur powodują opady deszczu Nimbostratus
76%
średnie nie dają opadów atmosferycznych, ławice szarawych chmur zapowiadają ochłodzenie Altocumulus
74%
niskie nisko zalegające szare warstwy pokrywające całe niebo, dają opad deszczu lub śniegu Stratus
74%
niskie szare lub białe ławice chmur Stratocumulus
70%
Nie znaleziono quizów pasujących do podanych kryteriów
Rozkład punktacji
Procent ludzi z każdym wynikiem
Percentyl według liczby udzielonych odpowiedzi
Twoja historia wyników
Nie rozwiązałeś tego quizu